| 000 | 00764nam a2200205 i 4500 | ||
|---|---|---|---|
| 005 | 20160517122010.0 | ||
| 008 | 140312s1993 ck ||||| |||| 00| 0 spa d | ||
| 040 |
_aCO-BoIAVH _cCO-BoIAVH |
||
| 041 | _aspa | ||
| 044 | _ack | ||
| 082 | 0 | 4 |
_a333.95316 _bM53m |
| 245 | 0 | 0 | _aMemorias del Primer Taller sobre Conservación de Plantas en el Valle del Cauca |
| 260 |
_aCali : _bCVC _bNature Conservancy; _c1993. |
||
| 300 | _a48 p. | ||
| 650 | 1 | 4 |
_aConservación de la diversidad biológica _zValle del Cauca (Colombia) |
| 711 | 2 |
_aMemorias del Primer Taller sobre Conservación de Plantas en el Valle del Cauca _cCali _d1993 |
|
| 710 | 2 | _aCorporación Autónoma Regional del Valle del Cauca - CVC | |
| 942 |
_cLIBRO _2ddc |
||
| 945 | _d2004-01-27 | ||
| 999 |
_c3604 _d3604 |
||